书目信息 |
| 书名: | International marketing | |
| 作者: | Philip R. Cateora, Mary C. Gilly, John L. Graham = 国际营销 / 菲利普· 凯特奥拉, 玛丽· 吉利, 约翰· 格雷厄姆著 ; 崔新健 改编. | |
| 分册号: | ||
| 分册名: | 出版地: | 北京 : |
|
| 出版社: | 中国人民大学出版社 | |
| 出版时间: | 2013. | |
| 页数: | [12], 385 p. : | |
| 开本: | 28 cm. | |
| 丛书名: | ||
| 中图分类号: | ||
| 科图分类号: | ||
| 其他分类号: | F740.2 | |
| 主题词: | ||
| 电子资源: | ||
| 000 | 01362cam a2200349 a 4500 | |
| 001 | E1553865031 | |
| 005 | 20150330145915.79 | |
| 008 | 090604r20132013cc ab b 000 0 eng d | |
| 020 | @a9787300175829 (pbk.) :@cCNY49.00. | |
| 040 | @aPUL@cPUL@dSCT | |
| 090 | @aF740.4/X2(6) | |
| 092 | @b华现13-068-129 | |
| 093 | @aF740.4 @2 4 | |
| 099 | @dF740.2@ex111 | |
| 100 | 1 | @aCateora, Philip R. |
| 245 | 10 | @aInternational marketing / @cPhilip R. Cateora, Mary C. Gilly, John L. Graham = 国际营销 / 菲利普· 凯特奥拉, 玛丽· 吉利, 约翰· 格雷厄姆著 ; 崔新健 改编. |
| 246 | 31 | @a国际营销 |
| 250 | @a16th ed. | |
| 260 | @a北京 :@b中国人民大学出版社 :@bMcGraw-Hill Asia Holding (Singapore) Pte. Ltd.,@c2013. | |
| 300 | @a[12], 385 p. :@bill., maps ;@c28 cm. | |
| 490 | 1 | @aInternational business classics =@a国际商务经典教材 |
| 500 | @a"教育部经济管理类双语教学课程教材." | |
| 500 | @aReprint and adapted. Originally published: International marketing / Cateora, Philip R. Boston : McGraw-Hill/Irwin, c2013. 16th ed. ISBN: 0073529974. | |
| 504 | @aIncludes bibliographical references. | |
| 650 | 0 | @aExport marketing. |
| 650 | 0 | @aInternational business enterprises. |
| 650 | 0 | @a商业经济 |
| 700 | 1 | @aGraham, John L. |
| 700 | 1 | @aGilly, Mary C. |
| 700 | 1 | @aCui, Xinjian@A(崔新健) |
| 830 | 0 | @aInternational business classics. |
| 920 | @a232010@z1 | |
| International marketing / / Philip R. Cateora, Mary C. Gilly, John L. Graham = 国际营销 / 菲利普· 凯特奥拉, 玛丽· 吉利, 约翰· 格雷厄姆著 ; 崔新健 改编.-16th ed.-北京 : : 中国人民大学出版社 : : McGraw-Hill Asia Holding (Singapore) Pte. Ltd., , 2013. |
| [12], 385 p. : : ill., maps ; ; 28 cm.- (International business classics = 国际商务经典教材) |
| "教育部经济管理类双语教学课程教材.".-Reprint and adapted. Originally published: International marketing / Cateora, Philip R. Boston : McGraw-Hill/Irwin, c2013. 16th ed. ISBN: 0073529974.-Includes bibliographical references. |
| ISBN 9787300175829 (pbk.) :CNY49.00. |
| ● |
| 相关链接 |
|
|
|
|
正题名:International marketing
索取号:F740.2/x111
 
预约/预借
| 序号 | 登录号 | 条形码 | 馆藏地/架位号 | 状态 | 备注 |
| 1 | 0018157 | 300181577 | 第二样本阅览室/ [索取号:F740.2/x111] | 在馆 | |
| 2 | 0018158 | 300181586 | 第四借阅区/ [索取号:F740.2/x111] | 在馆 | |
| 3 | 0018159 | 300181595 | 第四借阅区/ [索取号:F740.2/x111] | 在馆 |